UBT Library

Broadening Asia's security discourse and agenda : (Record no. 503)

000 -LEADER
fixed length control field 00702nam a22002057a 4500
005 - DATE AND TIME OF LATEST TRANSACTION
control field 20140731090058.0
008 - FIXED-LENGTH DATA ELEMENTS--GENERAL INFORMATION
fixed length control field 031117s2004 ja b i001 0 eng
020 ## - INTERNATIONAL STANDARD BOOK NUMBER
International Standard Book Number 9280810944
024 #0 - OTHER STANDARD IDENTIFIER
Terms of availability eng
080 ## - UNIVERSAL DECIMAL CLASSIFICATION NUMBER
Universal Decimal Classification number 336.31
Item number (5)
245 00 - TITLE STATEMENT
Title Broadening Asia's security discourse and agenda :
Statement of responsibility, etc edited by Ramesh Thakur and Edward Newman.
250 ## -
-- 1st.ed.;
260 ## -
-- Tokyo ;
-- New York :
-- United Nations University Press,
-- 2004.
300 ## -
-- 357 f. ;
-- 23 cm.
504 ## - BIBLIOGRAPHY, ETC. NOTE
Bibliography, etc Includes bibliographical references and index.
650 #0 -
-- Sigurimi Kombëtarë
700 1# -
-- Thakur, Ramesh Chandra,
700 1# -
-- Newman, Edward,
942 ## - ADDED ENTRY ELEMENTS (KOHA)
Source of classification or shelving scheme
Item type Books
Holdings
Withdrawn status Lost status Source of classification or shelving scheme Damaged status Not for loan Collection code Permanent location Current location Shelving location Date acquired Total Checkouts Full call number Barcode Date last seen Koha item type
          Koleksioni i përgjithshem UBT - Ferizaj UBT - Ferizaj Koleksioni i përgjithshem 07/31/2014   336.31 (5) BRO 003000734 07/31/2014 Books
          Koleksioni i përgjithshem UBT - Ferizaj UBT - Ferizaj Koleksioni i përgjithshem 07/31/2014   336.31 (5) BRO 003000735 07/31/2014 Books
          Koleksioni i përgjithshem UBT - Ferizaj UBT - Ferizaj Koleksioni i përgjithshem 07/31/2014   336.31 (5) BRO 003000736 07/31/2014 Books
          Koleksioni i përgjithshem UBT - Ferizaj UBT - Ferizaj Koleksioni i përgjithshem 07/31/2014   336.31 (5) BRO 003000737 07/31/2014 Books
          Koleksioni i përgjithshem UBT - Ferizaj UBT - Ferizaj Koleksioni i përgjithshem 07/31/2014   336.31 (5) BRO 003000738 07/31/2014 Books
          Koleksioni i përgjithshem UBT - Ferizaj UBT - Ferizaj Koleksioni i përgjithshem 07/31/2014   336.31 (5) BRO 003000739 07/31/2014 Books
          Koleksioni i përgjithshem UBT - Ferizaj UBT - Ferizaj Koleksioni i përgjithshem 07/31/2014   336.31 (5) BRO 003000740 07/31/2014 Books
          Koleksioni i përgjithshem UBT - Ferizaj UBT - Ferizaj Koleksioni i përgjithshem 07/31/2014   336.31 (5) BRO 003000741 07/31/2014 Books
          Koleksioni i përgjithshem UBT - Ferizaj UBT - Ferizaj Koleksioni i përgjithshem 07/31/2014   336.31 (5) BRO 003000742 07/31/2014 Books
          Koleksioni i përgjithshem UBT - Ferizaj UBT - Ferizaj Koleksioni i përgjithshem 07/31/2014   336.31 (5) BRO 003000743 07/31/2014 Books
          Koleksioni i përgjithshem UBT - Lipjan UBT - Lipjan Koleksioni i përgjithshem 05/20/2015   336.31 BRO   05/20/2015 Books
UBT Library © 2015-2024. All rights reserved University Education for Business and Technology